Elements by One Word - Statistics

General Stats
  • This quiz has been taken 30 times
  • The average score is 12 of 20
Answer Stats
Hint Element % Correct
Balloon Helium
100%
Salt Sodium
93%
Bone Calcium
83%
Banana Potassium
83%
Thermometer Mercury
80%
Superman Krypton
73%
First Hydrogen
70%
Battery Lithium
70%
Nuclear Uranium
70%
Poison Arsenic
60%
Jewelry Gold
60%
Pipe Lead
57%
Genius Einsteinium
50%
Valley Silicon
50%
Bomb Plutonium
47%
Age Iron
37%
Fertilizer Phosphorus
30%
Japan Nihonium
23%
Magnet Neodymium
13%
Detector Americium
7%
No matching quizzes found
Score Distribution
Percent of People with Each Score
Percentile by Number Answered
Your Score History
You have not taken this quiz